| 000 | 00677nam a2200193Ia 4500 | ||
|---|---|---|---|
| 003 | GCL | ||
| 008 | 140319s9999 xx 000 0 ara d | ||
| 040 |
_aGCL / _cGCL |
||
| 082 | 0 | 4 |
_a910.09 _bا م |
| 100 | 1 | _aاسامة رشاد جستنية | |
| 245 | 1 | 0 |
_aمستوى الاستخدام الترويحى بكورنيش جدة, دراسة فى جغرافية الترويح / _cاسامة رشاد جستنية |
| 260 |
_a[S.N] : _bمعهد البحوث والدراسات العربية ، _c1991 |
||
| 300 | _a96 ص | ||
| 490 | _a | ||
| 650 | 0 | 4 | _aالجغرافيا |
| 650 | 0 | 4 | _aالمملكة العربية السعودية |
| 650 | 0 | 4 | _aجدة |
| 942 |
_2ddc _cBK |
||
| 999 |
_c31565 _d31565 |
||